[Event "SVK-chT4 A22 1819"]
[Site "Slovakia"]
[Date "2019.03.17"]
[Round "11.5"]
[White "Bohunicky, Pavol"]
[Black "Pinkas, Jan"]
[Result "1-0"]
[WhiteElo "1632"]
[BlackElo "1450"]
[PlyCount "104"]
[EventDate "2018.10.14"]
[EventType "team-tourn"]
[EventRounds "11"]
[EventCountry "SVK"]
[SourceTitle "EXT 2020"]
[Source "ChessBase"]
[SourceDate "2019.10.17"]
[SourceVersion "1"]
[SourceVersionDate "2019.10.17"]
[SourceQuality "1"]

1. e4 e5 2. Nf3 Nc6 3. Bb5 a6 4. Ba4 Nf6 5. 0-0 d6 6. Re1 Bd7 7. c3 Ne7 8. Bc2 Ng6 9. d4 c6 10. Nbd2 Qb6 11. Nc4 Qa7 12. dxe5 Ng4 13. Qd4 c5 14. Nxd6+ Bxd6 15. Qxd6 h6 16. h3 N4xe5 17. Nxe5 Nxe5 18. Qxe5+ Be6 19. Be3 b6 20. Qxg7 0-0-0 21. Qe5 Qe7 22. Bf4 Kb7 23. Kh2 f6 24. Qh5 Rdg8 25. Qf3 Ka7 26. Bb3 c4 27. Bc2 Rg7 28. b3 Rhg8 29. Rg1 Rg6 30. bxc4 Qc5 31. Qe3 Qxc4 32. Bb3 Qc6 33. Bxe6 Qxe6 34. Rab1 Qc6 35. a4 Kb7 36. c4 f5 37. a5 b5 38. cxb5 axb5 39. Qb6+ Qxb6 40. axb6 Kxb6 41. exf5 Rc6 42. Rge1 Rf8 43. g4 h5 44. f3 Rc4 45. Re4 Rc2+ 46. Kg1 hxg4 47. fxg4 Rh8 48. Re3 Ra8 49. Re6+ Kc5 50. Rc1 Rxc1+ 51. Bxc1 Ra1 52. Re1 b4 1-0

[Event "SVK-chT4 A22 1718"]
[Site "Slovakia"]
[Date "2018.03.18"]
[Round "11.5"]
[White "Nemcovic, Peter"]
[Black "Bohunicky, Pavol"]
[Result "0-1"]
[WhiteElo "1616"]
[BlackElo "1615"]
[PlyCount "130"]
[EventDate "2017.10.01"]
[EventType "team-tourn"]
[EventRounds "11"]
[EventCountry "SVK"]
[SourceTitle "EXT 2020"]
[Source "ChessBase"]
[SourceDate "2019.10.17"]
[SourceVersion "1"]
[SourceVersionDate "2019.10.17"]
[SourceQuality "1"]

1. e4 d5 2. exd5 Nf6 3. Bb5+ Bd7 4. Qe2 Nxd5 5. d4 e6 6. Bc4 Be7 7. Nf3 Nc6 8. 0-0 0-0 9. c3 a6 10. Nbd2 Na5 11. Bd3 Nf4 12. Qe3 Nxd3 13. Qxd3 Bd6 14. Re1 Nc6 15. Ne4 Be7 16. Nfg5 f5 17. Nc5 Bxc5 18. dxc5 Qe7 19. b4 e5 20. Bf4 e4 21. Qd5+ Kh8 22. h4 Rac8 23. Rad1 Be8 24. Qb3 h6 25. Nf3 Qf6 26. Nd4 Bf7 27. Qc2 Nxd4 28. cxd4 Qxh4 29. g3 Qg4 30. Re3 Bh5 31. Rd2 Qh3 32. f3 Bxf3 33. Rh2 Qg4 34. Rh4 Qg6 35. Qh2 Kg8 36. Be5 Qg5 37. Kf2 Kf7 38. Qh3 Bg4 39. Qh2 Qg6 40. Qh1 Rh8 41. Qf1 Qe6 42. Kg1 Kg8 43. Qf2 Rh7 44. a3 c6 45. Qd2 Bf3 46. Rh2 h5 47. Kf2 Kf7 48. Re1 Rg8 49. Kg1 g5 50. b5 axb5 51. Qa5 Qd7 52. Kf2 h4 53. Ke3 Kg6 54. gxh4 Rxh4 55. Rxh4 gxh4 56. Qd2 Kh5 57. Qh2 Rg2 58. Qf4 Qf7 59. d5 cxd5 60. Kd4 Rg4 61. Qh2 Qg6 62. Rb1 Qa6 63. Rb3 Qa4+ 64. Rb4 Qd1+ 65. Kc3 Qd3+ 0-1

[Event "SVK-chT4 A22 1617"]
[Site "Slovakia"]
[Date "2016.10.09"]
[Round "1.5"]
[White "Bohunicky, Pavol"]
[Black "Jancicka, Viliam"]
[Result "1/2-1/2"]
[WhiteElo "1620"]
[BlackElo "1628"]
[PlyCount "102"]
[EventDate "2016.10.09"]
[EventType "team-tourn"]
[EventRounds "11"]
[EventCountry "SVK"]
[SourceTitle "EXT 2020"]
[Source "ChessBase"]
[SourceDate "2019.10.17"]
[SourceVersion "1"]
[SourceVersionDate "2019.10.17"]
[SourceQuality "1"]

1. e4 c5 2. Nf3 d6 3. d4 cxd4 4. Nxd4 Nc6 5. Nc3 Bd7 6. Be2 a6 7. 0-0 e6 8. Kh1 Be7 9. f4 Nf6 10. Nxc6 Bxc6 11. e5 dxe5 12. fxe5 Nd5 13. Nxd5 Bxd5 14. Bd3 Rc8 15. Qh5 g6 16. Qe2 0-0 17. Bh6 Re8 18. Qf2 Rf8 19. Bxf8 Qxf8 20. Qf4 Qg7 21. Rf2 g5 22. Qg3 h5 23. Raf1 Rf8 24. Re2 Bc5 25. Be4 Bc4 26. Bd3 Bd5 27. b3 h4 28. Qg4 Be7 29. Be4 f5 30. exf6 Rxf6 31. Ree1 Bxe4 32. Qxe4 Kf7 33. Rxf6+ Qxf6 34. Qf3 Qxf3 35. gxf3 h3 36. Rg1 Kf6 37. Rg3 Kf5 38. Rxh3 b6 39. Kg2 e5 40. Rh6 Bc5 41. Kf1 e4 42. fxe4+ Kxe4 43. Ke2 a5 44. Rg6 Kf4 45. Rg8 g4 46. c3 Bd6 47. Rh8 Ke4 48. Rg8 Kf5 49. Rh8 Ke4 50. Rg8 Kf5 51. Rh8 Ke4 1/2-1/2

[Event "SVK-chT4 A22 1516"]
[Site "Slovakia"]
[Date "2016.03.13"]
[Round "10.2"]
[White "Csoltko, Fridrich"]
[Black "Bohunicky, Pavol"]
[Result "1-0"]
[WhiteElo "1404"]
[BlackElo "1636"]
[PlyCount "120"]
[EventDate "2015.10.04"]
[EventType "team-tourn"]
[EventRounds "11"]
[EventCountry "SVK"]
[SourceTitle "EXT 2020"]
[Source "ChessBase"]
[SourceDate "2019.10.17"]
[SourceVersion "1"]
[SourceVersionDate "2019.10.17"]
[SourceQuality "1"]

1. d4 Nf6 2. Nf3 g6 3. Bf4 Bg7 4. c4 d6 5. Nc3 0-0 6. e4 c5 7. d5 a6 8. b3 Qa5 9. Bd2 Ng4 10. Ne2 Qd8 11. Bc3 Nd7 12. h3 Nge5 13. Nf4 Nxf3+ 14. Qxf3 Ne5 15. Qg3 e6 16. Nh5 gxh5 17. f4 Ng6 18. e5 dxe5 19. fxe5 Qh4 20. Qxh4 Nxh4 21. d6 Rd8 22. 0-0-0 Ng6 23. Ba5 Rd7 24. Be2 Bxe5 25. Bc7 h4 26. Rhf1 b6 27. Bf3 Ra7 28. Bc6 Rdxc7 29. dxc7 Rxc7 30. Be8 Re7 31. Rd8 Kg7 32. Rxc8 Bf4+ 33. Kc2 Bg3 34. Bc6 Nf4 35. a4 e5 36. Be4 Rd7 37. Re8 f6 38. Bc6 Rc7 39. Be4 Rf7 40. Rd1 f5 41. Bd5 Nxd5 42. cxd5 e4 43. d6 Rd7 44. Re7+ Rxe7 45. dxe7 Kf7 46. Rd7 Ke8 47. Rb7 f4 48. Kd2 f3 49. Ke3 f2 50. Ke2 e3 51. Rxb6 Kxe7 52. a5 Kd7 53. Rxa6 Kc7 54. Rh6 Kb7 55. a6+ Ka7 56. Rc6 h6 57. Rxc5 Kxa6 58. Rh5 Kb6 59. Rxh6+ Kb5 60. Re6 Bf4 1-0

[Event "SVK-chT4 A22 1516"]
[Site "Slovakia"]
[Date "2016.02.07"]
[Round "8.1"]
[White "Bohunicky, Pavol"]
[Black "Ivan, Imrich1111"]
[Result "0-1"]
[WhiteElo "1636"]
[BlackElo "1806"]
[PlyCount "62"]
[EventDate "2015.10.04"]
[EventType "team-tourn"]
[EventRounds "11"]
[EventCountry "SVK"]
[SourceTitle "EXT 2020"]
[Source "ChessBase"]
[SourceDate "2019.10.17"]
[SourceVersion "1"]
[SourceVersionDate "2019.10.17"]
[SourceQuality "1"]

1. e4 e6 2. d4 d5 3. Nd2 dxe4 4. Nxe4 Nd7 5. Nf3 Ngf6 6. Nxf6+ Nxf6 7. Bg5 Be7 8. Be2 0-0 9. 0-0 b6 10. c3 Bb7 11. Rc1 Rc8 12. Re1 c5 13. dxc5 Rxc5 14. Qxd8 Rxd8 15. Red1 Bxf3 16. Rxd8+ Bxd8 17. Bxf3 Rxg5 18. Rd1 Be7 19. h4 Rc5 20. g4 h6 21. Kg2 g6 22. Kg3 Kg7 23. Kh3 Nd5 24. Kg3 Bd6+ 25. Kg2 Bf4 26. Kh3 b5 27. Bg2 Bc7 28. Bf3 Nf4+ 29. Kh2 Nd3+ 30. Kg2 Nxb2 31. Rd2 Na4 0-1

[Event "SVK-chT4 A22 1516"]
[Site "Slovakia"]
[Date "2015.11.22"]
[Round "4.3"]
[White "Arpa, Zoltan"]
[Black "Bohunicky, Pavol"]
[Result "1/2-1/2"]
[WhiteElo "1884"]
[BlackElo "1636"]
[PlyCount "79"]
[EventDate "2015.10.04"]
[EventType "team-tourn"]
[EventRounds "11"]
[EventCountry "SVK"]
[SourceTitle "EXT 2020"]
[Source "ChessBase"]
[SourceDate "2019.10.17"]
[SourceVersion "1"]
[SourceVersionDate "2019.10.17"]
[SourceQuality "1"]

1. d4 Nf6 2. c4 g6 3. e3 Bg7 4. Nc3 d6 5. Nf3 0-0 6. Be2 c5 7. Bd2 cxd4 8. Nxd4 Nc6 9. Nxc6 bxc6 10. Bf3 d5 11. cxd5 cxd5 12. 0-0 Ba6 13. Be2 Bxe2 14. Qxe2 Re8 15. Rab1 Qd7 16. Rfc1 Rac8 17. b3 e5 18. Qb5 Rc6 19. Qa5 Rec8 20. Na4 Ne4 21. Rxc6 Qxc6 22. h3 Nxd2 23. Qxd2 d4 24. Re1 Qc2 25. Re2 Qxd2 26. Rxd2 Rd8 27. exd4 exd4 28. Nb2 Rc8 29. Nc4 Rd8 30. Kf1 d3 31. f4 f5 32. Ne5 Bxe5 33. fxe5 Kf7 34. Kf2 Ke6 35. Ke3 Kxe5 36. Rxd3 Rxd3+ 37. Kxd3 Kf4 38. Ke2 Ke4 39. Kd2 Kf4 40. Ke2 1/2-1/2

[Event "SVK-chT4 A22 1314"]
[Site "Slovakia"]
[Date "2013.11.17"]
[Round "4.3"]
[White "Bohunicky, Pavol"]
[Black "Barca, Michal"]
[Result "0-1"]
[WhiteElo "1000"]
[BlackElo "1807"]
[PlyCount "64"]
[EventDate "2013.10.06"]
[EventType "team-tourn"]
[EventRounds "11"]
[EventCountry "SVK"]
[SourceTitle "EXT 2015"]
[Source "ChessBase"]
[SourceDate "2014.11.20"]
[SourceVersion "1"]
[SourceVersionDate "2014.11.20"]
[SourceQuality "1"]
[WhiteTeam "Dolna Krupa SK"]
[BlackTeam "Hlohovec II"]
[WhiteTeamCountry "SVK"]
[BlackTeamCountry "SVK"]

1. e4 d5 2. exd5 Qxd5 3. Nc3 Qd6 4. d4 Nf6 5. Nf3 Bg4 6. Be2 g6 7. h3 Bxf3 8. Bxf3 c6 9. 0-0 Bg7 10. Bg5 0-0 11. Re1 Rd8 12. Ne2 Na6 13. c3 Nc7 14. Qb3 Rab8 15. Bf4 Qd7 16. Rad1 b5 17. Ng3 e6 18. Ne4 Nxe4 19. Rxe4 Rb7 20. Bxc7 Qxc7 21. h4 b4 22. Qc2 bxc3 23. bxc3 Rdb8 24. Qd3 Rb2 25. Re2 Rxe2 26. Qxe2 c5 27. h5 cxd4 28. cxd4 Qc3 29. Qd3 Qa5 30. hxg6 hxg6 31. Rd2 Rd8 32. Qc4 Qxd2 0-1